| 000 | 00436nam a22001577a 4500 | ||
|---|---|---|---|
| 003 | MACL | ||
| 005 | 20240626130338.0 | ||
| 008 | 240626b |||||||| |||| 00| 0 eng d | ||
| 040 | _cMACL | ||
| 082 | _a610/YAD | ||
| 245 | _aINDIA'S VACCINE GROWTH STORY From Cowpox to Vaccine Maitri | ||
| 260 |
_aNew Delhi _bSAGE Publication _c2022 |
||
| 600 |
_aYadav,Sajjan Singh _982430 |
||
| 650 |
_aMedicine &Health _982431 |
||
| 942 |
_2ddc _cBK |
||
| 999 |
_c66932 _d66932 |
||